| 000 | 00721cam a22002053a 4500 | ||
|---|---|---|---|
| 001 | 38866 | ||
| 003 | PGUSA | ||
| 005 | 20140828083846.0 | ||
| 008 | 120213s2012||||xxu|||||s|||||000 | eng d | ||
| 040 |
_aPGUSA _beng |
||
| 042 | _adc | ||
| 100 | 1 | _aWerge, John | |
| 245 | 1 | 4 |
_aThe Evolution of Photography : _bWith a Chronological Record of Discoveries, Inventions, etc., Contributions to Photographic Literature, and Personal Reminescences Extending over Forty Years _h[electronic resource] / _cJohn Werge |
| 260 |
_bProject Gutenberg, _c2012 |
||
| 506 | _aPublic domain in the USA. | ||
| 516 | _aElectronic text | ||
| 830 | 0 |
_aProject Gutenberg _v38866 |
|
| 856 | 4 | 0 | _uhttp://www.gutenberg.org/ebooks/38866 |
| 942 | _cEB | ||
| 999 |
_c268120 _d268120 |
||